| 000 | 01722nam0a2200337 4500 | ||
|---|---|---|---|
| 001 | RU\NLR\bibl\8307 | ||
| 005 | 20260406053349.0 | ||
| 010 |
_a5-7256-0153-6 _9300 |
||
| 021 |
_aRU _b98-11961 _9565565 |
||
| 035 | _a(NLR Aleph) 000008111 | ||
| 090 |
_a25627 _c25627 |
||
| 100 | _a19981123d1997 |||y0rusy50 ca | ||
| 101 | 0 | _arus | |
| 102 | _aRU | ||
| 105 | _ay ||||||||| | ||
| 200 | 1 |
_aМатериалы электронной техники _eУчеб. пособие _fБ.Г. Будагян, Ю.И. Штерн, А.А. Шерченков _gМ-во общ. и проф. образования Рос. Федерации, Моск. гос. ин-т электрон. техники (Техн. ун-т) |
|
| 210 |
_aМ. _cМИЭТ (ТУ) _d1997 |
||
| 215 |
_a140 с. _cил. _d20 |
||
| 320 | _aБиблиогр.: с. 138 | ||
| 606 | 0 |
_aЭлектронные приборы _jРуководства, пособия и т.п. для высшей школы _xМатериалы _9940691 _3RU\NLR\auth\6629341 |
|
| 606 | 0 |
_aЭлектронные приборы _jУчебные издания для высшей школы _xМатериалы _9940691 _3RU\NLR\auth\6629341 |
|
| 686 | _aЗ85-03я73-1 | ||
| 700 | 1 |
_4070 _7ca _8rus _aБудагян _bБ. Г. _gБорис Гарегинович _9118051 _3RU\NLR\auth\778134 |
|
| 701 | 1 |
_4070 _7ca _8rus _aШтерн _bЮ. И. _gЮрий Исаакович _9118052 _3RU\NLR\auth\778135 |
|
| 701 | 1 |
_4070 _7ca _8rus _aШерченков _bА. А. _gАлексей Анатольевич _9118055 _3RU\NLR\auth\778138 |
|
| 801 | 0 |
_aRU _bNLR _c19981123 _gPSBO |
|
| 801 | 1 |
_aRU _bNLR _c19981123 |
|
| 830 | _aАвт. раскрыты по кн. | ||
| 852 |
_aNLR _j98-3/3679 |
||
| 942 | _cBOOK | ||
| 980 | _aNB | ||